000 01240cam a2200349 i 4500
001 18873940
003 OSt
005 20251210150112.0
008 151129s2016 ilu b 001 0 eng
010 _a 2015046436
020 _a9781433552908
_qtp
035 _a18873940
040 _aDLC
_beng
_cDLC
_erda
_dDLC
042 _apcc
050 0 0 _aBV4501.3
_b.F474 2016
082 0 0 _a253/.22
_223
100 1 _aFernando, Ajith,
_eauthor.
245 1 4 _aThe family life of a Christian leader /
_cAjith Fernando.
264 1 _aWheaton :
_bCrossway,
_c[2016]
300 _a223 pages ;
_c22 cm
336 _atext
_btxt
_2rdacontent
337 _aunmediated
_bn
_2rdamedia
338 _avolume
_bnc
_2rdacarrier
504 _aIncludes bibliographical references (pages 205-211) and indexes.
650 0 _aChristian life.
650 0 _aChristian leadership.
650 0 _aFamilies
_xReligious life.
776 0 8 _iOnline version:
_aFernando, Ajith, author.
_tFamily life of a Christian leader
_dWheaton : Crossway, 2016
_z9781433552939
_w(DLC) 2016013212
906 _a7
_bcbc
_corignew
_d1
_eecip
_f20
_gy-gencatlg
942 _2lcc
_cBK
999 _c21012
_d21011